| 000 | 00473nam a2200157 a 4500 | ||
|---|---|---|---|
| 001 | ASIN0131111426 | ||
| 005 | 20140822174229.0 | ||
| 008 | 140822s2006 xxu eng d | ||
| 100 | 1 | _aMithal G K. | |
| 245 | 1 | 0 |
_aElectronic devices and circuits / _cG K Mithal |
| 250 | _a23 rd ed. | ||
| 260 |
_a[S.l.] : _bPrentice Hall, _c2006. |
||
| 300 |
_a896 p. ; _c28 cm. |
||
| 830 | 0 | _a23 rd edition. | |
| 856 | 4 | 0 |
_3Amazon.com _uhttp://www.amazon.com/exec/obidos/ASIN/chopaconline-20 |
| 999 |
_c8989 _d8989 |
||